000 00325nam a22001337a 4500
020 _a9788189524326
082 _a303.372
_bFRA
100 _aFraser, Nancy
245 _aSocial Justice in the age of Identity Political
260 _aNew Delhi
_bCritical Quest
_c2008
300 _a48
650 _aSocial Justice
942 _cBK
999 _c21137
_d21137